| 000 | 00322nam a2200121Ia 4500 | ||
|---|---|---|---|
| 008 | 190216s9999||||xx |||||||||||||| ||und|| | ||
| 100 | _a"Despande V D,Chandekar ,dhrma Dharmadhikari" | ||
| 245 | 0 | _aElementary Mathematical Technics | |
| 260 |
_bS Chand & Co _c1988 |
||
| 300 | _a336p | ||
| 650 | _aMathematics | ||
| 942 | _cBK | ||
| 999 |
_c30994 _d30994 |
||